MARC details
| 000 -CABECERA |
| campo de control de longitud fija |
03722nam a22003137a 4500 |
| 003 - IDENTIFICADOR DEL NÚMERO DE CONTROL |
| campo de control |
DO-SdBNP |
| 005 - FECHA Y HORA DE LA ÚLTIMA TRANSACCIÓN |
| campo de control |
20260305073952.0 |
| 007 - CAMPO FIJO DE DESCRIPCIÓN FÍSICA--INFORMACIÓN GENERAL |
| campo de control de longitud fija |
ta |
| 008 - DATOS DE LONGITUD FIJA--INFORMACIÓN GENERAL |
| campo de control de longitud fija |
210820e2018 dr abc|grf||| 001 e spa d |
| 020 ## - NÚMERO INTERNACIONAL ESTÁNDAR DEL LIBRO |
| Número Internacional Estándar del Libro |
9789993439660 |
| 040 ## - FUENTE DE LA CATALOGACIÓN |
| Centro catalogador/agencia de origen |
DO-SdBNP |
| Lengua de catalogación |
spa |
| Centro/agencia transcriptor |
BNPHU |
| 041 ## - CÓDIGO DE LENGUA |
| Código de lengua original |
spa |
| 082 #4 - NÚMERO DE LA CLASIFICACIÓN DECIMAL DEWEY |
| Número de clasificación |
972.93 |
| Número de documento/Ítem |
M938m 2018 |
| Número de edición |
22 |
| 100 1# - ENTRADA PRINCIPAL--NOMBRE DE PERSONA |
| Nombre de persona |
Moya Pons, Frank, |
| Fechas asociadas al nombre |
1944- |
| 9 (RLIN) |
2095 |
| 245 13 - MENCIÓN DE TÍTULO |
| Título |
Manual de historia dominicana / |
| Mención de responsabilidad, etc. |
Frank Moya Pons. |
| 250 ## - MENCIÓN DE EDICIÓN |
| Mención de edición |
16a. ed. |
| 260 ## - PUBLICACIÓN, DISTRIBUCIÓN, ETC. |
| Lugar de publicación, distribución, etc. |
Santo Domingo : |
| Nombre del editor, distribuidor, etc. |
Librería La Trinitaria, |
| Fecha de publicación, distribución, etc. |
2018 |
| 300 ## - DESCRIPCIÓN FÍSICA |
| Extensión |
761 p. : |
| Otras características físicas |
il., mapas, retr. |
| Dimensiones |
23 cm |
| 500 ## - NOTA GENERAL |
| Nota general |
Incluye datos biográficos del autor en la contracubierta. |
| 500 ## - NOTA GENERAL |
| Nota general |
Incluye índice |
| 505 ## - NOTA DE CONTENIDO CON FORMATO |
| Nota de contenido con formato |
Prefacio -- |
| Título |
I. La sociedad taína -- |
| -- |
II. La sociedad española en el siglo XV -- |
| -- |
III. El oro y las encomiendas de indios (1493-1520) -- |
| -- |
IV. El azúcar y la esclavitud de los negros (1520-1607) -- |
| -- |
V. Monopolio y contrabando en El Caribe (1503-1603) -- |
| -- |
VI. La ganadería, el contrabando y las devastaciones (1503-1608) -- |
| -- |
VII. Consecuencias de las devastaciones (1606-1655).-- |
| -- |
VIII. Los bucaneros, los filibusteros y la invasión inglesa de 1655 (1621-1655) -- |
| -- |
IX. La ocupación francesa del oeste de la isla (1655-1697) -- |
| -- |
X. La pobreza dominicana en la segunda mitad del siglo XVII (1655-1700) -- |
| -- |
XI. La recuperación económica de Santo Domingo (1697-1731) -- |
| -- |
XII. La ocupación francesa de las tierras fronterizas (1697-1777) -- |
| -- |
XIII. La formación de la frontera (1731-1789) -- |
| -- |
XIV. La colonia francesa de Saint Domingue y la Revolución Haitiana (1789-1804) -- |
| -- |
XV. El Tratado de Basilea y sus consecuencias (1795-1801) -- |
| -- |
XVI. La era de Francia y la reconquista (1801-1809) -- |
| -- |
XVII. La España Boba y la invasión de Boyer (1809-1822)-- |
| -- |
XVIII. La dominación haitiana: comienzos (1822-1825) -- |
| -- |
XIX. La dominación haitiana: problemas (1826-1838) -- |
| -- |
XX. La Trinitaria, la reforma y la caída de Boyer (1838-1843) -- |
| -- |
XXI. La separación (1843-1844) -- |
| -- |
XXII. Guerra y política en el año (1844) -- |
| 505 ## - NOTA DE CONTENIDO CON FORMATO |
| Título |
XXIII. Santana (1844-1857 -- |
| -- |
XXIV. Santana y Báez (1849-1857) -- |
| -- |
XXV. Causas y consecuencias de la revolución de 1857 (1844-1861) -- |
| -- |
XXVI. La anexión y la restauración (1861-1865) -- |
| -- |
XXVII. La restauración y sus efectos inmediatos (1865- 1868) -- |
| -- |
XXVIII. Los seis años de Báez (1868-1873) -- |
| -- |
XXIX. Rojos, verdes y azulez (1873-1879) -- |
| -- |
XXX. Los gobiernos azulez (1879-1886) -- |
| -- |
XXXI La economía dominicana y el partido azul (1865-1886) -- |
| -- |
XXXII Lilís y las deudas (1887-1899) -- |
| -- |
XXXIII. La deuda y los comienzos de la influencia Americana (1899-1907) -- |
| -- |
XXXIV. Rámón Cáceres (1906-1911) -- |
| -- |
XXXV. El derrumbe de la soberanía (1911-1916) -- |
| -- |
XXXVI. La ocupación militar norteamericana (1916-1924) -- |
| -- |
XXXVII. Horacio Vásquez (1924-1930) -- |
| -- |
XXXVIII. La Era de Trujillo (1930-1961) -- |
| -- |
XXXIX. Democratización y guerra civil (1961-1966) -- |
| -- |
XL. Los doce años de Balaguer (1966-1978) -- |
| -- |
XLI. Antonio Guzmán (1978-1982).-- |
| -- |
XLII. Salvador Jorge Blanco (1982-1986).-- |
| -- |
XLIII. El retorno de Balaguer (1986-1990).-- |
| -- |
XLIV. Marxistas vs socialdemócratas.-- |
| -- |
Bibliografía.-- |
| -- |
Gobiernos y gobernantes de la República Dominicana (1844-2002).-- |
| -- |
Índice onomástico -- |
| -- |
Índice analítico -- |
| -- |
Láminas entre páginas: Los padres de la Patria -- |
| -- |
Retratos de presidentes y gobernantes de la República Dominicana -- |
| -- |
Mapas y gráficos. |
| 590 ## - NOTA LOCAL (RLIN) |
| Nota local |
Inventariado 2021 / MF |
| 651 #4 - PUNTO DE ACCESO ADICIONAL DE MATERIA--NOMBRE GEOGRÁFICO |
| Nombre geográfico |
República Dominicana |
| Subdivisión general |
Condiciones económicas |
| -- |
Historia |
| 9 (RLIN) |
1210 |
| 651 #4 - PUNTO DE ACCESO ADICIONAL DE MATERIA--NOMBRE GEOGRÁFICO |
| Nombre geográfico |
República Dominicana |
| Subdivisión general |
Condiciones sociales |
| -- |
Historia |
| 9 (RLIN) |
1211 |
| 651 #4 - PUNTO DE ACCESO ADICIONAL DE MATERIA--NOMBRE GEOGRÁFICO |
| Nombre geográfico |
República Dominicana |
| Subdivisión general |
Política y gobierno |
| -- |
Historia |
| 9 (RLIN) |
1212 |
| 910 ## - DATOS DE OPCIÓN DEL USUARIO (OCLC) |
| Datos de opción del usuario |
Validado. Control de calidad MFF |
| 942 ## - ELEMENTOS DE PUNTO DE ACCESO ADICIONAL (KOHA) |
| Fuente del sistema de clasificación o colocación |
Dewey Decimal Classification |
| Tipo de ítem Koha |
Libro |